| Tag |
First Indicator |
Second Indicator |
Subfields |
| LEADER |
00000cam a2200000 i 4500 |
| 001 |
in00003748522 |
| 005 |
20161027152019.0 |
| 008 |
160229t20162016ohu b 001 0 eng c |
| 010 |
|
|
|a 2016009680
|
| 035 |
|
|
|a (OCoLC)ocn945029498
|
| 040 |
|
|
|a OU/DLC
|b eng
|e rda
|c OSU
|d DLC
|d YDXCP
|d BTCTA
|d BDX
|d OCLCF
|d OSU
|d COO
|
| 020 |
|
|
|a 9780814213063
|q (cloth ;
|q alk. paper)
|
| 020 |
|
|
|a 0814213065
|q (cloth ;
|q alk. paper)
|
| 024 |
8 |
|
|a 40026460316
|
| 035 |
|
|
|a (OCoLC)945029498
|
| 042 |
|
|
|a pcc
|
| 050 |
0 |
0 |
|a PS374.S33
|b T75 2016
|
| 082 |
0 |
0 |
|a 813/.509382
|2 23
|
| 049 |
|
|
|a TXAM
|
| 100 |
1 |
|
|a Tricomi, Albert H.,
|d 1942-
|e author.
|
| 245 |
1 |
0 |
|a Clashing convictions :
|b science and religion in American fiction /
|c Albert H. Tricomi.
|
| 264 |
|
1 |
|a Columbus :
|b The Ohio State University Press,
|c [2016]
|
| 264 |
|
4 |
|c ©2016
|
| 300 |
|
|
|a xi, 226 pages ;
|c 24 cm.
|
| 336 |
|
|
|a text
|b txt
|2 rdacontent
|
| 337 |
|
|
|a unmediated
|b n
|2 rdamedia
|
| 338 |
|
|
|a volume
|b nc
|2 rdacarrier
|
| 490 |
1 |
|
|a Literature, religion, and postsecular studies
|
| 504 |
|
|
|a Includes bibliographical references (pages 199-218) and index.
|
| 505 |
0 |
|
|a Emergent formations of the science-religion binary: Sara Orne Jewett's A country doctor, Edward Eggleston's The faith doctor, Milton Scott's Henry Elwood, and Henry Adams's Esther -- The new biblical criticism and Darwinism: Harold Frederic's The damnation of Theron Ware -- An American response to Darwinism: James Lane Allen's The reign of law -- An enlightenment critique of religious mania: W.D. Howells's The Leatherwood God -- A research scientist's religion: Sinclair Lewis's Arrowsmith -- Satirizing fundamentalist education and revivalist preachers: Sinclair Lewis's Elmer Gantry -- Transhistorical parable: Jerome Lawrence and Robert E. Lee's Inherit the wind -- Contemporary perspectives: James Scott Bell's The Darwin conspiracy and the soul of America.
|
| 650 |
|
0 |
|a American fiction
|x History and criticism.
|
| 650 |
|
0 |
|a Science in literature.
|
| 650 |
|
0 |
|a Religion in literature.
|
| 650 |
|
7 |
|a American fiction.
|2 fast
|0 (OCoLC)fst00807048
|
| 650 |
|
7 |
|a Religion in literature.
|2 fast
|0 (OCoLC)fst01732559
|
| 650 |
|
7 |
|a Science in literature.
|2 fast
|0 (OCoLC)fst01108731
|
| 655 |
|
7 |
|a Criticism, interpretation, etc.
|2 fast
|0 (OCoLC)fst01411635
|
| 830 |
|
0 |
|a Literature, religion, and postsecular studies.
|
| 856 |
4 |
2 |
|3 Contributor biographical information
|u https://www.loc.gov/catdir/enhancements/fy1614/2016009680-b.html
|t 0
|
| 856 |
4 |
2 |
|3 Publisher description
|u https://www.loc.gov/catdir/enhancements/fy1614/2016009680-d.html
|t 0
|
| 945 |
|
|
|b 827080
|
| 947 |
|
|
|a A14843458846
|
| 994 |
|
|
|a 92
|b TXA
|
| 948 |
|
|
|a Cataloged
|b h
|c 2016/10/27
|d c
|e AReeder
|
| 999 |
f |
f |
|s 41741359-beb8-3731-862a-f2c2178587c4
|i d7faf374-6a1d-3aeb-9c9a-a551d7cffd30
|t 0
|
| 952 |
f |
f |
|p normal
|a Texas A&M University
|b College Station
|c Sterling C. Evans Library
|d Evans: Library Stacks
|t 0
|e PS374.S33 T75 2016
|h Library of Congress classification
|i unmediated -- volume
|m A14843458846
|
| 998 |
f |
f |
|a PS374.S33 T75 2016
|t 0
|l Evans: Library Stacks
|